Elliott Gould Filmography - Statistics

General Stats
  • This quiz has been taken 11 times
    4 since last reset
  • The average score is 82 of 222
Answer Stats
Type Year Name % Correct
Film 1998 American History X
100%
Film 1969 Bob & Carol & Ted & Alice
100%
Film 2018 Ocean's 8
100%
Film 2001 Ocean's Eleven
100%
Film 2004 Ocean's Twelve
100%
Film 2023 You People
100%
Film 1995 A Boy Called Hate
50%
Film 1977 A Bridge Too Far
50%
TV Mini-Series 1988 Act of Betrayal
50%
Film 1993 Amore!
50%
TV Show 2002-2003 Baby Bob
50%
Film 1991 Beyond Justice
50%
Film 1994 Bleeding Hearts
50%
TV Film 1993 Bloodlines: Murder in the Family
50%
Compilation Film 2000 Boys Life 3
50%
Film 1991 Bugsy
50%
TV Show 1994 Burke's Law
50%
Film 1997 Busted
50%
Film 1974 Busting
50%
Film 1974 California Split
50%
Film 1998 Caminho dos Sonhos
50%
Film 1997 Camp Stories
50%
Film 1978 Capricorn One
50%
TV Film 1979 Cher... and Other Fantasies
50%
Film 1997 City of Industry
50%
TV Film 1987 Conspiracy: The Trial of the Chicago 8
50%
Film 2011 Contagion
50%
Film 1995 Cover Me
50%
TV Show 1995 Cybill
50%
Film 2020 Dangerous Lies
50%
Film 1988 Dangerous Love
50%
Film 1991 Dead Men Don't Die
50%
TV Show 1998 Diagnosis: Murder
50%
Film 1981 Dirty Tricks
50%
Film 2012 Divorce Invitation
50%
Film 2011 Dorfman in Love
50%
TV Show 1984-1985 E/R
50%
Film 1979 Escape to Athena
50%
Film 1992 Exchange Lifeguards
50%
Film 2010 Expecting Mary
50%
TV Show 1983 Faerie Tale Theatre
50%
Film 1980 Falling in Love Again
50%
Film 2012 Fred Won't Move Out
50%
TV Show 1994-2003 Friends
50%
TV Film 1987 Frog
50%
TV Show 1998 Getting Personal
50%
Film 1970 Getting Straight
50%
Web Series 2020 Grace and Frankie
50%
Film 1976 Harry and Walter Go to New York
50%
TV Show 1997, 1998 Hey Arnold!
50%
Film 1993 Hoffman's Hunger
50%
Film 2017 Humor Me
50%
Film 1990 I'll Be Going Now
50%
Film 1970 I Love My Wife
50%
Film 1986 Inside Out
50%
Short Film 1997 Inside Out
50%
TV Show 1999 It's Like, You Know...
50%
Film 1976 I Will, I Will... for Now
50%
Film 1996 johns
50%
Film 1992 Judgement
50%
TV Show 2000 Just Shoot Me!
50%
Film 1995 Kicking and Screaming
50%
TV Show 2003 K Street
50%
TV Show 1993 L.A. Law
50%
TV Show 2003 Las Vegas
50%
Film 1987 Lethal Obsession
50%
TV Film 2001 Life with David J
50%
Film 2009 Little Hercules in 3-D
50%
Theater 1967 Little Murders
50%
Film 1971 Little Murders
50%
Short Documentary 2018 Little Murders: A Certain Amount of Black with Elliott Gould
50%
Film 2013 Live at the Foxes Den
50%
TV Show 1994 Lois & Clark: The New Adventures of Superman
50%
Film 1970 M*A*S*H
50%
Film 1989 Massacre Play
50%
Film 1978 Matilda
50%
Film 1976 Mean Johnny Barrows
50%
TV Show 1998 Mentors
50%
Film 1998 Michael Kael vs. the World News Company
50%
TV Show 1993 Moon Over Miami
50%
Film 2010 Morning
50%
Film 1970 Move
50%
TV Show 2014-2015 Mulaney
50%
TV Show 1989 Murder, She Wrote
50%
Film 1987 My First Forty Years
50%
Film 1994 Naked Gun 33⅓: The Final Insult
50%
Film 1975 Nashville
50%
Film 1989 Night Visitor
50%
Film 2012 Noah
50%
Film 2009 Noah's Ark: The New Beginning
50%
TV Show 1986 Nothing Is Easy
50%
Film 2007 Ocean's Thirteen
50%
TV Film 1964 Once Upon a Mattress
50%
Film 2006 Open Window
50%
Film 1984 Over the Brooklyn Bridge
50%
TV Film 1995 P.C.H
50%
Film 2000 Picking Up the Pieces
50%
Film 2000 Playing Mona Lisa
50%
Film 2002 Puckoon
50%
Film 1964 Quick, Let's Get Married
50%
TV Show 2013-2016 Ray Donovan
50%
Film 2018 Romancing Brazil
50%
Film 2021 Romancing Brazil
50%
Film 2012 Ruby Sparks
50%
TV Show 1975-1990, 2022 Saturday Night Live
50%
TV Film 2007 Saving Sarah Cain
50%
TV Show 1995 Screen One
50%
TV Mini-Series 1991 Sessions
50%
TV Mini-Series 1997 Shanghai 1937
50%
TV Film 1992 Somebody's Daughter
50%
Film 1974 S*P*Y*S
50%
TV Film 1990 Stolen: One Husband
50%
Film 2012 Switchmas
50%
TV Show 1986 Tall Tales & Legends
50%
Film 1998 The Big Hit
50%
Film 1989 The Big Picture
50%
Film 2008 The Caller
50%
Film 2002 The Cat Returns
50%
Film 1995 The Dangerous
50%
Film 2008 The Deal
50%
Film 1981 The Devil and Max Devlin
50%
Film 2011 The Encore of Tony Duran
50%
Film 2001 The Experience Box
50%
Film 1995 The Feminine Touch
50%
Film 1995 The Glass Shield
50%
Film 2016 The History of Love
50%
TV Show 1991 The Hitchhiker
50%
TV Show 2018 The Kominsky Method
50%
Film 1979 The Lady Vanishes
50%
Film 1980 The Last Flight of Noah's Ark
50%
Film 1990 The Lemon Sisters
50%
Web Series 2022-2024 The Lincoln Lawyer
50%
Film 1973 The Long Goodbye
50%
TV Show 1995 The Magic School Bus
50%
Film 1979 The Muppet Movie
50%
Film 1984 The Muppets Take Manhattan
50%
Film 1984 The Naked Face
50%
Film 1968 The Night They Raided Minsky's
50%
Film 1992 The Player
50%
TV Show 1992 The Ray Bradbury Theater
50%
TV Film 1982 The Rules of Marriage
50%
TV Mini-Series 1997 The Shining
50%
Film 1978 The Silent Partner
50%
TV Show 2003 The Simpsons
50%
TV Special 1972 The Special London Bridge Special
50%
Film 1988 The Telephone
50%
Film 2007 The Ten Commandments
50%
Film 1971 The Touch
50%
TV Show 1986 The Twilight Zone
50%
TV Show 1996 Touched by an Angel
50%
Film 1983 Tramps
50%
TV Film 1986 Vanishing Act
50%
TV Film 2003 Vegas Dick
50%
Film 1993 Wet and Wild Summer!
50%
Film 1975 Whiffs
50%
Film 1973 Who?
50%
Film 2014 Yellowbird
50%
TV Show 2017-2018 9JKL
0%
TV Show 2005 Agatha Christie's Poirot
0%
TV Show 2007 American Dad!
0%
TV Show 1981 An Evening at the Improv
0%
Documentary 2004 A Yiddish World Remembered
0%
TV Show 2013 Back in the Game
0%
TV Film 2004 Bad Apple
0%
Video Game 1997 Blue Heat: The Case of the Cover Girl Murders
0%
Podcast 2019 Carrier
0%
TV Documentary 1996 Cheetahs, the Winning Streak
0%
TV Show 2006 Crumbs
0%
TV Show 2010 CSI: Crime Scene Investigation
0%
Theater 1996-1997 Deathtrap
0%
TV Show 2017 Doubt
0%
Theater 1965 Drat! The Cat!
0%
TV Show 2009 Drop Dead Diva
0%
Video 1986 Drug Free Kids: A Parents' Guide
0%
TV Short 1995 Duke of Groove
0%
Short Documentary 2019 Elliott Gould Thinks of a Number
0%
Web Series 2021 Fairfax
0%
Documentary 2008 Forgotten Ellis Island
0%
Video Game 2005 Friends: The One with All the Trivia
0%
Web Special 2021 Friends: The Reunion
0%
TV Film 1993 Frogs!
0%
TV Show 1985 George Burns Comedy Week
0%
TV Film 2000 Good as Gold
0%
TV Show 2015 Hawaii Five-0
0%
TV Film 1997 Hotel Shanghai
0%
Theater 1962 I Can Get It for You Wholesale
0%
TV Film 2012 I'm Not Dead Yet
0%
Theater 1960-1961 Irma La Douce
0%
TV Show 2003-2007 Kim Possible
0%
TV Film 2003 Kim Possible: A Sitch in Time
0%
TV Show 2009 Law & Order
0%
TV Show 2012 Law & Order: Special Victims Unit
0%
TV Film 2012 Listen to Grandpa, Andy Ling
0%
TV Show 2015 Maron
0%
TV Show 2006 Masters of Horror
0%
Web Series 2015 Oscar's Hotel for Fantastical Creatures
0%
Theater 1957 Rumple
0%
Theater 1958-1959 Say, Darling
0%
Video Game 2006 Scarface: The World Is Yours
0%
Documentary 2007 Seasons in the Valley
0%
TV Show 2014 Sensitive Skin
0%
TV Mini-Series 2007 St. Urbain's Horseman
0%
TV Special 1977 Super Night at the Super Bowl
0%
TV Show 2011 The Cape
0%
Theater 2002-2004 The Exonerated
0%
Theater 1964 The Fantasticks
0%
Theater 1983 The Guys in the Truck
0%
Short Film 1986 The Jungle of Jules Levine
0%
Short Film 2015 The Jungle of Jules Levine
0%
TV Mini-Series 1991 The Law of the Desert
0%
TV Show 2010 The Life & Times of Tim
0%
TV Show 1978 The Magical World of Disney
0%
TV Film 2014 The Michaels
0%
TV Show 1964-1981 The Mike Douglas Show
0%
Documentary 2017 The Mysterious Mr. Slomovic
0%
Documentary 2000 The Soyuz Conspiracy
0%
TV Documentary 2016 To Begin the World Over Again: The Life of Thomas Paine
0%
TV Film 2009 Uncorked
0%
Documentary 2011 Vladimir Komarov: The Soyuz Conspiracy
0%
Theater 2021 We Have to Hurry
0%
TV Show 2008 WordGirl
0%
Documentary 2009 Yuri Gagarin Conspiracy: Fallen Idol
0%
No matching quizzes found
Score Distribution
Percent of People with Each Score
Percentile by Number Answered
Your Score History
You have not taken this quiz since the last reset